000
00241nam a2200109Ia 4500
008
240625s9999 xx 000 0 und d
041
_a
eng
082
_a
658.83 AAK
100
_a
AAKER DAVID A
245
_a
MARKETING RESEARCH
260
_c
2016
999
_c
40160
_d
40160